000 00477nam a2200205Ia 4500
005 20250425162307.0
008 250425s9999 xx 000 0 und d
020 _a9505045689
041 _aspa
082 _a639.483
100 _aCOTO, ADOLFO
245 0 _aCRIA DE CARACOLES
250 _a1A ED.
260 _aArgentina
_bHEMISFERIO SUR
_c2002
260 _aBUENOS AIRES
300 _a56
650 _aCARACOLES-CRIA Y DESARROLLO
942 _c01
010 _a60010
999 _c226243
_d226243